000 00615nam a2200193 a 4500
005 20140310183316.0
008 051123s19uu xx 00 eng d
020 _a8180611426
050 _aRA 1053
_b.M586 2003
100 _aMestri, Shashidhar C.
245 _aManual of forensic medicine :
_bfor doctors, police officers, lawyers and nurses /
_cShashidhar C. Mestri.
250 _a2nd ed.
260 _aNew Delhi, India :
_bJaypee Brothers Medical Publishers,
_c2003.
300 _a158 p. :
_c21 cm.
650 _aForensic medicine.
650 _aEthics, medical.
942 _cBK
_2lcc
_kFOR
999 _c21296
_d21296